=LDR 00000nam 2200000 4500 =001 INLIS000000000017899 =005 20200910072451 =035 ##$$a 0010-061300000017899 =008 200910################g##########0#ind## =041 ##$$a Ind =082 ##$$a 2x5.4 =090 ##$$a 2x5.4, Sya t =100 ##$$a Syayi, Muhammad Bin Abdul Aziz Asy- =245 1#$$a Tolak bala' : $b Resep nabi menangkal dan mengatasi musibah /$c Muhammad Bin Abdul Aziz Asy-Syayi ; Penerjemah, Ghazali Muksi =260 ##$$a Yogyakarta :$b Media Hidayah,$c 2004 =300 ##$$a 247 hlm, ; $c 21 x 14 cm. =650 #4$$a Doa dan wirid =850 ##$$a NBPNMAT =084 ##$$a 2x5.4 Sya t =990 ##$$a 20604980